000 00336nam a22001217a 4500
003 OSt
008 250128b |||||||| |||| 00| 0 eng d
041 _aeng
100 _aBender, Carl M
_97020
245 _aAdvanced Mathematical Methods for Scientist and Engineers
260 _aNew Delhi:
_bMc Graw Hill Interational,
_c1978.
942 _cBK
999 _c19172
_d19172